Phong tục Việt Nam

Kaydedildi:
Detaylı Bibliyografya
Yazar: Toan ánh
Materyal Türü: Kitap
Dil:Undetermined
Baskı/Yayın Bilgisi: Sài Gòn Khai Trí 1963
Konular:
Etiketler: Etiketle
Etiket eklenmemiş, İlk siz ekleyin!
Thư viện lưu trữ: Trung tâm Học liệu Trường Đại học Cần Thơ
LEADER 00495nam a2200181Ia 4500
001 CTU_17650
008 210402s9999 xx 000 0 und d
082 |a 398.922 
082 |b T406 
100 |a Toan ánh 
245 0 |a Phong tục Việt Nam 
245 0 |c Toan ánh 
260 |a Sài Gòn 
260 |b Khai Trí 
260 |c 1963 
650 |a folk literature, vietnamese 
904 |i Nguyễn Quang Điền, 960601 
980 |a Trung tâm Học liệu Trường Đại học Cần Thơ